|
|
|
|
| LEADER |
00000cam a22000004a 4500 |
| 001 |
musev2_29975 |
| 003 |
MdBmJHUP |
| 005 |
20230905043154.0 |
| 006 |
m o d |
| 007 |
cr||||||||nn|n |
| 008 |
090908s2006 nju o 00 0 eng d |
| 020 |
|
|
|a 9781400826827
|
| 020 |
|
|
|z 9780691114040
|
| 020 |
|
|
|z 9780691114033
|
| 035 |
|
|
|a (OCoLC)436084245
|
| 040 |
|
|
|a MdBmJHUP
|c MdBmJHUP
|
| 100 |
1 |
|
|a Anderson, Amanda,
|d 1960-
|e author.
|
| 245 |
1 |
4 |
|a The Way We Argue Now :
|b A Study in the Cultures of Theory /
|c Amanda Anderson.
|
| 264 |
|
1 |
|a Princeton, N.J. :
|b Princeton University Press,
|c 2006.
|
| 264 |
|
3 |
|a Baltimore, Md. :
|b Project MUSE,
|c 2015
|
| 264 |
|
4 |
|c ©2006.
|
| 300 |
|
|
|a 1 online resource (224 pages).
|
| 336 |
|
|
|a text
|b txt
|2 rdacontent
|
| 337 |
|
|
|a computer
|b c
|2 rdamedia
|
| 338 |
|
|
|a online resource
|b cr
|2 rdacarrier
|
| 505 |
0 |
|
|a 1. Debatable performances : restaging contentious feminisms -- 2. The temptations of aggrandized agency : feminist histories and the horizon modernity -- 3. Cosmopolitanism, universalism, and the divided legacies of modernity -- 4. Realism, universalism, and the science of the human -- 5. Pragmatism and character -- 6. Argument and ethos -- 7. Beyond sincerity and authenicity : the ethos of proceduralism.
|
| 520 |
|
|
|a In this book, Amanda Anderson examines influential academic debates across the fields of literary, cultural, and political theory. The book combines a pointed critique of the philosophical and political limitations of these theories with an appreciative assessment of the productive internal contests and creative developments.
|
| 588 |
|
|
|a Description based on print version record.
|
| 650 |
|
7 |
|a Philosophy & Religion.
|2 hilcc
|
| 650 |
|
7 |
|a Philosophy.
|2 hilcc
|
| 650 |
|
7 |
|a Theory (Philosophy)
|2 fast
|0 (OCoLC)fst01149666
|
| 650 |
|
7 |
|a Reasoning.
|2 fast
|0 (OCoLC)fst01091282
|
| 650 |
|
7 |
|a Discussion.
|2 fast
|0 (OCoLC)fst00895143
|
| 650 |
|
7 |
|a Debates and debating.
|2 fast
|0 (OCoLC)fst00888743
|
| 650 |
|
7 |
|a SOCIAL SCIENCE
|x Anthropology
|x Cultural.
|2 bisacsh
|
| 650 |
|
7 |
|a PHILOSOPHY
|x Movements
|x General.
|2 bisacsh
|
| 650 |
|
7 |
|a debates.
|2 aat
|
| 650 |
|
7 |
|a theory.
|2 aat
|
| 650 |
|
6 |
|a Debats et controverses.
|
| 650 |
|
6 |
|a Discussion.
|
| 650 |
|
6 |
|a Theorie (Philosophie)
|
| 650 |
|
0 |
|a Debates and debating.
|
| 650 |
|
0 |
|a Discussion.
|
| 650 |
|
0 |
|a Reasoning.
|
| 650 |
|
0 |
|a Theory (Philosophy)
|
| 655 |
|
7 |
|a Electronic books.
|2 local
|
| 710 |
2 |
|
|a Project Muse.
|e distributor
|
| 830 |
|
0 |
|a Book collections on Project MUSE.
|
| 856 |
4 |
0 |
|z Texto completo
|u https://projectmuse.uam.elogim.com/book/29975/
|
| 945 |
|
|
|a Project MUSE - Custom Collection
|
| 945 |
|
|
|a Project MUSE - Archive Complete Supplement III
|
| 945 |
|
|
|a Project MUSE - Archive Philosophy and Religion Supplement III
|